| 000 | 00696nam a2200253Ia 4500 | ||
|---|---|---|---|
| 003 | OSt | ||
| 005 | 20221007074842.0 | ||
| 006 | a|||||r|||| 00| 0 | ||
| 007 | ta | ||
| 008 | 221006b |||||||| |||| 00| 0 eng d | ||
| 024 | _a13,790 | ||
| 037 | _cTextual | ||
| 040 |
_aFLL _cFLL _beng |
||
| 041 |
_2eng _aeng |
||
| 082 | _aWv2:N7v5, L9.1 | ||
| 110 |
_aGovt. of india (India) _9693238 |
||
| 245 | 0 | _aSurvey of research in political science | |
| 260 |
_aNew Delhi _bAllied publishers private ltd. India _c1979 |
||
| 300 |
_a277p _ccm. |
||
| 490 | _vVol.1 | ||
| 700 |
_aGovt. of india (India) _9693239 |
||
| 942 |
_hWv2:N7v5, L9.1 _cTEXL _2CC |
||
| 999 |
_c1153917 _d1153917 |
||